00340 2200157 4500245002700000020002200027250001100049100001100060650001600071005001900087260003000106041001400136084000800150300001500158336000900173 aFarewellcNymikohText a978-602-255-181-2 aCet. 1 aNymiko aNovel Fiksi a20230112111305 aYogyakartabPing!!!c2013 aIndonesia a813 a214 hlm. : atext